Descripción, análisis y comentarios al tratado de la unión eurupea / Urgate E. Salome Cisnal, Carlos R. Fernández Liesa y Carlos Moreira González (Registro nro. 5596)
[ vista simple ]
| 000 -LEADER | |
|---|---|
| fixed length control field | 00691nam a22002051a 4500 |
| 001 - CONTROL NUMBER | |
| control field | 5596 |
| 003 - CONTROL NUMBER IDENTIFIER | |
| control field | OSt |
| 005 - DATE AND TIME OF LATEST TRANSACTION | |
| control field | 20260204212021.0 |
| 008 - FIXED-LENGTH DATA ELEMENTS--GENERAL INFORMATION | |
| fixed length control field | 060128s1993||||sp ||||||b||||||||||spa|| |
| 020 ## - NUMERO DE LIBRO INTERNACIONAL NORMALIZADO | |
| International Standard Book Number | 8448100581 |
| 050 ## - LIBRARY OF CONGRESS CALL NUMBER | |
| Classification number | 341.37 C868D |
| 100 ## - ASIENTO PRINCIPAL -- NOMBRE PERSONAL | |
| Personal name | Cisnal, Urgate E. Salome |
| 245 ## - TÍTULO PROPIAMENTE DICHO: SUBTÍTULO | |
| Title | Descripción, análisis y comentarios al tratado de la unión eurupea / Urgate E. Salome Cisnal, Carlos R. Fernández Liesa y Carlos Moreira González |
| 264 ## - PRODUCTION, PUBLICATION, DISTRIBUTION, MANUFACTURE, AND COPYRIGHT NOTICE | |
| Place of production, publication, distribution, manufacture | España : McGraw-Hill |
| 300 ## - PHYSICAL DESCRIPTION | |
| Extensión | 347 p |
| 500 ## - GENERAL NOTE | |
| General note | Incluye indice y bibliografía |
| 650 ## - ASIENTO SECUNDARIO DE MATERIA -- TERMINO TEMÁTICO | |
| Termino Temático Como Elemento de Entrada | 1.Tratados 2.Relaciones Internacionales |
| 700 ## - ASIENTO SECUNDARIO -- NOMBRE PERSONAL | |
| Personal name | Fernández Leisa, Carlos II.Moreiro González, CarlosÌ |
| 942 ## - ADDED ENTRY ELEMENTS (KOHA) | |
| Source of classification or shelving scheme | Dewey Decimal Classification |
| Koha item type | Libros |
| Withdrawn status | Lost status | Source of classification or shelving scheme | Damaged status | Not for loan | Current library | Date acquired | Total Checkouts | Full call number | Barcode | Date last seen | Price effective from | Koha item type |
|---|---|---|---|---|---|---|---|---|---|---|---|---|
| Dewey Decimal Classification | Biblioteca UTECO | 09/09/2019 | 341.37 C868D | 009870 | 09/09/2019 | 09/09/2019 | Libros |
